Estamos en un país libre!

Gardado en:
Detalles Bibliográficos
Autor Principal: Williams, Ben Ames (Author)
Formato: Libro
Idioma:Lingua castelá
Publicado: Buenos Aires Goyanarte 1955
Subjects:
Tags: Engadir etiqueta
Sen Etiquetas, Sexa o primeiro en etiquetar este rexistro!

MARC

LEADER 00000cam a2200000 a 4500
001 UCF8445
003 CL-VaPUC
008 130829e19550000ag |||||||||||||||||spa|d
082 0 4 |a 813  |b WIL  |2 21 
100 0 |a Williams, Ben Ames  |e author  |9 570516 
245 1 0 |a Estamos en un país libre! 
300 |a 143 p 
942 |c BK 
945 |d 20130829 16:45:00  |a dcastane 
260 |a Buenos Aires  |b Goyanarte  |c 1955 
650 0 |a Novelas estadounidenses  |9 265217 
650 0 |a Literatura estadounidense  |9 317168 
583 |a last modification  |c 20130829 16:45:00  |k Rodrigo Vera 
999 |c 353017  |d 353015 
952 |0 0  |1 0  |3 erb  |4 0  |6 813_000000000000000_WIL_1955  |7 0  |8 A  |9 457857  |a BIBEDU  |b BIBEDU  |d 2019-11-23  |i 4997867  |o 813 WIL 1955  |p 4997867  |r 2019-11-23  |w 2019-11-23  |y BK  |z Catalogado en:20130829  |k LIT